书目信息 |
| 题名: |
内分泌系统常见疾病370问
|
|
| 作者: | 陆菊明 编著 | |
| 分册: | ||
| 出版信息: | 北京 金盾出版社 1991.12 |
|
| 页数: | 222页 | |
| 开本: | 19cm | |
| 丛书名: | ||
| 单 册: | ||
| 中图分类: | R58-49 | |
| 科图分类: | ||
| 主题词: | 内分泌病 , 代谢病 | |
| 电子资源: | ||
| ISBN: | ||
| 000 | 00586nam0 2200205 45 | |
| 001 | 0181013305 | |
| 005 | 20061121111753.65 | |
| 010 | @dCNY2.80 | |
| 100 | @a20810111d km y0chiy0120 ea | |
| 101 | 0 | @achi |
| 105 | @a z 000yy | |
| 200 | 1 | @Anei feng mi xi tong chang jian ji bing fang zhi 370 wen@Flu ju ming@a内分泌系统常见疾病370问@f陆菊明等编著 |
| 210 | @a北京@c金盾出版社@d1991.12 | |
| 215 | @a222页@c无图表@d19cm | |
| 606 | 0 | @a内分泌病 |
| 606 | 0 | @a代谢病 |
| 690 | @aR58-49@v3 | |
| 701 | 0 | @a陆菊明@4编著 |
| 801 | @aCN@bTSTC@c20061121 | |
| 905 | @dR58-49@e45@f2@b248464-65 | |
| 内分泌系统常见疾病370问/陆菊明等编著.-北京:金盾出版社,1991.12 |
| 222页:无图表;19cm |
| ISBN :CNY2.80 |
| ● |
| 相关链接 |
|
|
|
|
正题名:内分泌系统常见疾病370问
索取号:R58-49/45
 
预约/预借
| 序号 | 登录号 | 条形码 | 馆藏地/架位号 | 状态 | 备注 |
| 1 | 0248465 | 000712893 | 第二样本阅览室/ [索取号:R58-49/45] | 在馆 |